000 00435nam a2200157Ia 4500
003 OSt
005 20200811110315.0
008 190216s9999||||xx |||||||||||||| ||und||
040 _coclc
082 _a001.42
_bPOT/R
100 _aPotti, L R
_9868
245 0 _aResearch Methodology /
_cL R Potti
260 _bYamuna Publication,
_aTrivandrum:
300 _a160p
942 _cBK
_2ddc
_h001.42
_iPOT/R
_k001.42
_mPOT/R
999 _c7558
_d7558